000 00530nam a2200193Ia 4500
003 OSt
005 20250716115331.0
008 210210b1997 xxu||||| |||| 00| 0 eng d
040 _cAL
041 _aKannada
082 _aK894.1 DUNP
100 _aDUNDIRAJ (H).
_9139351
_dದುಂಡಿರಾಜ್ (ಎಚ್)
245 _aPanch ka-joy.
_b ಪಂಚ್ ಕ ಜಾಯ್
260 _aMangalore
_bNavakarnataka Prakashana
_c1997
300 _a64
690 _aKannada Poetry
_9139352
906 _a052416
942 _2ddc
_cBK
999 _c100467
_d100467